MARC details
| 000 -CABECERA |
| campo de control de longitud fija |
02692nam a2200373 a 4500 |
| 003 - IDENTIFICADOR DEL NÚMERO DE CONTROL |
| campo de control |
DO-SdBNP |
| 005 - FECHA Y HORA DE LA ÚLTIMA TRANSACCIÓN |
| campo de control |
20221104110800.0 |
| 007 - CAMPO FIJO DE DESCRIPCIÓN FÍSICA--INFORMACIÓN GENERAL |
| campo de control de longitud fija |
ta |
| 008 - DATOS DE LONGITUD FIJA--INFORMACIÓN GENERAL |
| campo de control de longitud fija |
221103e2004 dr ab||gr|||| 001 e spa d |
| 040 ## - FUENTE DE LA CATALOGACIÓN |
| Centro catalogador/agencia de origen |
DO-SdBNP |
| Lengua de catalogación |
spa |
| Centro/agencia transcriptor |
BNPHU |
| 082 #4 - NÚMERO DE LA CLASIFICACIÓN DECIMAL DEWEY |
| Número de edición |
22 |
| Número de documento/Ítem |
G562i |
| 245 10 - MENCIÓN DE TÍTULO |
| Título |
Globalización e intermediación urbana en América latina. / |
| Mención de responsabilidad, etc. |
Concepción Álvarez...[et. al.]; Compilador y coordinador, Haroldo Dilla Alfonso; Editor, Enrique Soldevilla |
| 260 ## - PUBLICACIÓN, DISTRIBUCIÓN, ETC. |
| Lugar de publicación, distribución, etc. |
Santo Domingo : |
| Nombre del editor, distribuidor, etc. |
FLACSO, |
| Fecha de publicación, distribución, etc. |
2004, |
| 300 ## - DESCRIPCIÓN FÍSICA |
| Extensión |
274 p. : |
| Otras características físicas |
il., mapas ; |
| Dimensiones |
21 cm. |
| 500 ## - NOTA GENERAL |
| Nota general |
Incluye biografía de los autores p. 271 - 274 |
| 500 ## - NOTA GENERAL |
| Nota general |
Este libro es el resultado de un taller que tuvo lugar en FLACSO los días 6 y 7 de febrero del 2004 en torno a un tema tan apasionante como pertinente: la intermediación urbana en el marco de la presente globalización capitalista, entendida como las maneras en que las ciudades articulan y procesan los flujos externos y como organzan sus respuestas, sea, mediante las políticas públicas, las prácticas sociales o las estrategias de acumulación. |
| 500 ## - NOTA GENERAL |
| Nota general |
Incluye bibliografía y notas al pié de páginas. |
| 505 ## - NOTA DE CONTENIDO CON FORMATO |
| Nota de contenido con formato |
Presentación. |
| Título |
Ciudades intermedias: ¿Una nueva oportunidad para un desarrollo regional coherente en América Latina? |
| -- |
L territorialidad de la acción pública: Nuevas cuestiones urbanas frente a los cambios globales.-- |
| -- |
Actores sociales de fin de siglo en la sociedad urbana contemporánea: Las prácticas sociales de transformación de los espacios urbanos.-- |
| -- |
Habana 2050.-- |
| -- |
Logros, desafíos y perspectivas delas ciudades intermedias cubanas.-- |
| -- |
Santa Clara y sus retos hacia un desarrollo sostenible.-- |
| -- |
Bayamo, una ciudad en desarrollo.-- |
| -- |
Dentro ofuera: Bordeando los límites de Santo Domingo.-- |
| -- |
Retos y desafíos de la ciudad de Santiago de los Caballeros en los procesos de intermediación urbana.-- |
| -- |
Intermediación urbana fronteriza en República Dominicana. |
| -- |
Autores. |
| 590 ## - NOTA LOCAL (RLIN) |
| Nota local |
Inventariado 2022 / MF |
| 650 #4 - PUNTO DE ACCESO ADICIONAL DE MATERIA--TÉRMINO DE MATERIA |
| 9 (RLIN) |
32099 |
| Término de materia o nombre geográfico como elemento de entrada |
Globalización |
| Subdivisión de forma |
Congresos |
| Subdivisión geográfica |
Cuba |
| 650 #4 - PUNTO DE ACCESO ADICIONAL DE MATERIA--TÉRMINO DE MATERIA |
| Término de materia o nombre geográfico como elemento de entrada |
Globalización |
| Subdivisión de forma |
Congresos |
| Subdivisión geográfica |
República Dominicana |
| 9 (RLIN) |
82707 |
| 650 #4 - PUNTO DE ACCESO ADICIONAL DE MATERIA--TÉRMINO DE MATERIA |
| Término de materia o nombre geográfico como elemento de entrada |
Globalización |
| 9 (RLIN) |
2272 |
| Subdivisión general |
Ensayos, Conferencias, etc. |
| Subdivisión geográfica |
América Latina |
| 650 #4 - PUNTO DE ACCESO ADICIONAL DE MATERIA--TÉRMINO DE MATERIA |
| Término de materia o nombre geográfico como elemento de entrada |
Globalización |
| Subdivisión general |
Ensayos, Conferencias, etc. |
| Subdivisión geográfica |
República Dominicana |
| 9 (RLIN) |
82708 |
| 700 1# - PUNTO DE ACCESO ADICIONAL--NOMBRE DE PERSONA |
| Nombre de persona |
Álvarez, Concepción |
| 9 (RLIN) |
82700 |
| 700 1# - PUNTO DE ACCESO ADICIONAL--NOMBRE DE PERSONA |
| Nombre de persona |
Benavides González, Aleida |
| 9 (RLIN) |
82701 |
| 700 1# - PUNTO DE ACCESO ADICIONAL--NOMBRE DE PERSONA |
| Nombre de persona |
Bolay, Jean-Claude |
| 9 (RLIN) |
82702 |
| 700 1# - PUNTO DE ACCESO ADICIONAL--NOMBRE DE PERSONA |
| Nombre de persona |
Catenazzi, Andrea Claudia |
| 9 (RLIN) |
82703 |
| 700 1# - PUNTO DE ACCESO ADICIONAL--NOMBRE DE PERSONA |
| Nombre de persona |
Corral, Julio César |
| 9 (RLIN) |
82704 |
| 700 1# - PUNTO DE ACCESO ADICIONAL--NOMBRE DE PERSONA |
| 9 (RLIN) |
55224 |
| Nombre de persona |
Cotto-Morales, Liliana |
| 700 1# - PUNTO DE ACCESO ADICIONAL--NOMBRE DE PERSONA |
| 9 (RLIN) |
5199 |
| Nombre de persona |
Dilla Alfonso, Haroldo |
| Término indicativo de función/relación |
comp. |
| 700 ## - PUNTO DE ACCESO ADICIONAL--NOMBRE DE PERSONA |
| 9 (RLIN) |
74616 |
| Nombre de persona |
Soldevilla, Enrique |
| Término indicativo de función/relación |
ed. |
| 910 ## - DATOS DE OPCIÓN DEL USUARIO (OCLC) |
| Datos de opción del usuario |
MFeliz |
| 942 ## - ELEMENTOS DE PUNTO DE ACCESO ADICIONAL (KOHA) |
| Fuente del sistema de clasificación o colocación |
Dewey Decimal Classification |
| Tipo de ítem Koha |
Libro |